MDQL
is popping MORE tags! Check the
thread
!
Quizzes
Events
Quiz Creation
Community
Videos
Private Events
Remove Ads
Sign In
Join for FREE
Feedback
Dark Mode
Quiz Categories
Sports
Geography
Music
Movies
Television
Just For Fun
Miscellaneous
History
Literature
Language
Science
Gaming
Entertainment
Religion
Holiday
For Kids
Quiz Lab
Recent
Popular Today
Quiz Kudos Today
Editor Picks
Curator Picks
Quizzes by...
Day
Popularity
Type
Ratings
Length
Year
Community
Subscriptions
Recent Discussions
Orange Saloon
Badges
Playlists
Quests
Create
Leaderboards
Showdown
Live 5
Trivia Bingo
Activity
Puzzle Library
Sporcle Events
Private Events
Virtual Trivia
Globe League
Become a Host
Pub Owners
SporcleCon
Opinionation
Our Games
Videos
Blog
Mobile Apps
Partnerships
Remove Ads and Go Orange
Feedback
Sports
Athletes
MLB
NBA
NHL
NFL
Soccer
Sports Teams
WWE
NCAA
Football
Premier League
Basketball
Baseball
Hockey
Golf
Tennis
Cricket
Rugby
Auto Racing
Olympics
World Cup
Sports
Athletes
MLB
NBA
NHL
NFL
Soccer
Sports Teams
WWE
NCAA
Football
Premier League
Basketball
Baseball
Hockey
Golf
Tennis
Cricket
Rugby
Auto Racing
Olympics
World Cup
Random Quiz
Search Sporcle
×
Quiz Lab
Quiz Lab
Sports
NFL
Type in answers that appear in a list
Type in answers that appear in a list
Classic
Best Score? Go Orange.
NFL Receiving Top 5 (1980-2009) Stats
Can you name the NFL Receivers With The Most Yards Each Year Since 1980?
By
Bdogrox2
10m
151 Questions
3,415 Plays
3,415 Plays
3,415 Plays
Comments
Comments
Give Quiz Kudos
Give Quiz Kudos
-
- Ratings
hide this ad
More Info
Replay
Link that replays current quiz
Next Quiz
Link to next quiz in quiz playlist
You Got
0%
They Got
Avg Score
56%
Avg Friend Score
Upgrade to see
Score Distribution
Jump to the score distribution portion of the page
Score
0/151
Timer
10:00
0
Plays Today
Player
% Correct
Calvin Johnson
95.1%
Andre Johnson
95%
Andre Johnson
95%
Jerry Rice
94.7%
Jerry Rice
94.7%
Jerry Rice
94.7%
Jerry Rice
94.7%
Jerry Rice
94.7%
Jerry Rice
94.7%
Jerry Rice
94.7%
Jerry Rice
94.7%
Jerry Rice
94.7%
Jerry Rice
94.7%
Jerry Rice
94.7%
Sidney Rice
94.2%
Randy Moss
93.4%
Randy Moss
93.4%
Randy Moss
93.4%
Randy Moss
93.4%
Randy Moss
93.4%
Randy Moss
93.4%
Randy Moss
93.4%
Santana Moss
93%
Steve Smith
86.5%
Steve Smith
86.5%
Rod Smith
86.4%
Rod Smith
86.4%
Jimmy Smith
86.4%
Jimmy Smith
86.4%
Jimmy Smith
86.4%
Jimmy Smith
86.4%
Jimmy Smith
86.4%
J.T. Smith
86.3%
Terrell Owens
86%
Terrell Owens
86%
Terrell Owens
86%
Marvin Harrison
81.1%
Marvin Harrison
81.1%
Marvin Harrison
81.1%
Marvin Harrison
81.1%
Reggie Wayne
76.4%
Reggie Wayne
76.4%
Reggie Wayne
76.4%
Tim Brown
75.2%
Tim Brown
75.2%
Tim Brown
75.2%
Tim Brown
75.2%
Eddie Brown
75.2%
Torry Holt
75%
Torry Holt
75%
Torry Holt
75%
Player
% Correct
Torry Holt
75%
Larry Fitzgerald
74.8%
Larry Fitzgerald
74.8%
Larry Fitzgerald
74.8%
Anthony Carter
74.3%
Isaac Bruce
73.7%
Isaac Bruce
73.7%
Isaac Bruce
73.7%
Isaac Bruce
73.7%
Wes Welker
70.3%
Michael Irvin
70.1%
Michael Irvin
70.1%
Michael Irvin
70.1%
Michael Irvin
70.1%
Hines Ward
70%
Anquan Boldin
64.8%
Anquan Boldin
64.8%
Andre Reed
60.2%
Andre Reed
60.2%
Jake Reed
60.1%
Roddy White
59.9%
Sterling Sharpe
57.2%
Sterling Sharpe
57.2%
Sterling Sharpe
57.2%
Sterling Sharpe
57.2%
Roy E. Williams
56.4%
Donald Driver
56.2%
Plaxico Burress
53.3%
Art Monk
52.1%
Art Monk
52.1%
Mark Clayton
50.2%
Gary Clark
50.2%
Gary Clark
50.2%
Gary Clark
50.2%
Gary Clark
50.2%
Dwight Clark
50.2%
Steve Largent
50%
Steve Largent
50%
Derrick Mason
48.9%
Chad Ochocinco
47.1%
Chad Ochocinco
47.1%
Chad Ochocinco
47.1%
Chad Ochocinco
47.1%
Muhsin Muhammad
46.8%
Herman Moore
46%
Herman Moore
46%
Rob Moore
45.9%
Antonio Freeman
44.1%
Miles Austin
42.9%
Mark Duper
40.6%
Amani Toomer
40.4%
Player
% Correct
Javon Walker
39.3%
Andre Rison
38.7%
Andre Rison
38.7%
Andre Rison
38.7%
Joe Horn
37.8%
Roy Green
37.6%
Roy Green
37.6%
Kellen Winslow
36.7%
Kellen Winslow
36.7%
David Boston
36.3%
Irving Fryar
32.8%
Eric Moulds
32.4%
John Stallworth
32.3%
James Lofton
31.8%
James Lofton
31.8%
James Lofton
31.8%
James Lofton
31.8%
James Lofton
31.8%
Ricky Sanders
31.3%
Drew Hill
28.1%
Drew Hill
28.1%
Henry Ellard
25.9%
Henry Ellard
25.9%
Henry Ellard
25.9%
Henry Ellard
25.9%
Robert Brooks
22.4%
Al Toon
21.8%
John Jefferson
21.6%
Cris Collinsworth
21.4%
Charlie Joiner
20.9%
Terance Mathis
20.6%
Marcus Robinson
18.1%
Stanley Morgan
17.6%
Frank Lewis
15.2%
Mike Quick
14.9%
Mike Quick
14.9%
Wes Chandler
14.7%
Wes Chandler
14.7%
Alfred Jenkins
11.8%
Yancey Thigpen
11.5%
Haywood Jeffires
10.9%
Steve Watson
8.1%
Mark Carrier
7.8%
Fred Barnett
6.9%
Ahmad Rashad
6.7%
Carlos Carson
6.6%
Carlos Carson
6.6%
Michael Haynes
6%
Todd Christensen
5.9%
Quiz Playlist
Details
Report
Send in Message
Add To Playlist
More Info:
T - Indicates Who's Tied With Another Player
Classic:
Type in answers that appear in a list
Quiz Source
Last Updated: Feb 16, 2017
Quiz Scoreboard
CHALLENGE
Sign Up to Join the Scoreboard
Show All
Scores
Hide
Comments
May contain spoilers
Recently Published
Holiday 10x10 Sorting Gallery
by lukepisani3
Holiday
15m
Two Season TV Shows II
by 123Four
Television
10m
Image Sorting: Flags VI
by Barbecue
Geography
2m
More to Explore
Quiz From the Vault
Featured Blog Post
14 Easter Pick-up Lines to Find Eggs With
hide this ad
You Might Also Like...
Tags
NFL Quiz
Year Quiz
1980
1980s
Most
Player
Receiver
Receiving
Yard
Today's Top Quizzes in Sports
Browse Sports
hide this ad
Today's Top Quizzes in NFL
Browse NFL
Top Contributed Quizzes in Sports
1
Les meilleurs buteurs des matchs entre le PSG et l’OM
2
Les entraîneurs de l'OM et du PSG au 21e siècle
3
2022 World Cup Stars
4
Les joueurs passés par le PSG et l'OM
5
Players with Multiple 50 Home Run Seasons
6
FIFA Club World Cup Champions
7
Top 10 NHL Goal Scorers of All Time
8
Les joueurs passés par le LOSC et le RC Lens
9
Criteria MLB: Left Handed Sluggers
10
2023 MLB Unique Player Accomplishments
Explore More
Trending Topics
Kpop
Harry Potter
Crossword
NBA
Anime
Disney
Marvel
The Office
Song
Puzzle
NFL
WWE
Country
Pokémon
Soccer
hide this ad
More By:
Bdogrox2
Quiz
Plays
Rating
Category
Featured
Created
NBA +50% H-O-F Probability (Active) [Clickable Mines]
180,009
2.83
Sports
Apr 7, 2012
NBA Most Top 5 Finishes (Points)
72,490
4.74
Sports
Aug 18, 2015
Champions From The Last 25 Years
34,046
4.20
Sports
Jul 1, 2010
NBA +99.99% H-O-F Probability (Clickable Minefield)
31,272
2.13
Sports
Apr 8, 2012
MLB $125M+ Career Salary (Clickable Quiz)
17,680
4.07
Sports
Apr 8, 2012
Go to Creator's Profile
Score Distribution
Quiz Creator Spotlight
Bdogrox2
Follow
Send a Message
Quizzes Created
-
Created Quiz Play Count
-
More By This Creator
Popular Quizzes Today
1
Find the US States - No Outlines Minefield
2
Colored Red Africa Blitz
3
Find the 'City' Movie
4
The Countries of the World
5
5x2 Blitz: Bands
6
Find the Countries of Europe - No Outlines Minefield
7
Find the US States
8
US States
More Sports Quizzes
#8 Athletes
Published
Trending Quizzes
Colored Red Europe Blitz I
Colored Red Europe Blitz II
Colored Red Africa Blitz II
Even More Two Season TV Shows
Colored Red Africa Blitz III
Recently Updated
Odd Team Out - Big 4 Players
pecheneg
Quick Pick: 20 Twenties
pecheneg
March Madness Men's Triple Doubles
pecheneg
How Do You Spell That?
pecheneg
Godzilla Movies
pecheneg
Grab Bag: 4-10 Letters
pecheneg
2024 March Madness Bracket
pecheneg
Famous TV Couples
Peacemaker
Champions League XIs: Real Madrid
pecheneg
Largest US Cities 1790-2010
pecheneg
Trending Topics
Marvel
Disney
Anime
Kpop
NBA
Harry Potter
Crossword
Soccer
WWE
The Office
NFL
Puzzle
Pokémon
Country
Song
Your Account Isn't Verified!
In order to create a playlist on Sporcle, you need to verify the email address you used during registration. Go to your
Sporcle Settings
to finish the process.
Report this User
Report this user for behavior that violates our
Community Guidelines
.
Details:
Send Report
Go to the Sporcle.com Mobile Site →
Comments